Les villes du Grand-Est avec plus de 20 000 habitants - Statistiques

Statistiques générales
  • Ce quiz a été pris 144 fois
  • Le résultat moyen est 14 sur 22
Statistiques - réponses
Hint Réponse % Correct
118 489 hab. Moselle Metz
100%
287 228 hab. Bas-Rhin Strasbourg
100%
105 058 hab. Meurthe-et-Moselle Nancy
97%
108 312 hab. Haut-Rhin Mulhouse
95%
181 194 hab. Marne Reims
94%
68 682 hab. Haut-Rhin Colmar
91%
61 957 hab. Aube Troyes
87%
46 436 hab. Ardennes Charleville-Mézières
78%
32 256 hab. Vosges Épinal
76%
44 379 hab. Marne Châlons-en-Champagne
73%
40 778 hab. Moselle Thionville
69%
21 847 hab. Haute-Marne Chaumont
57%
22 433 hab. Marne Épernay
56%
35 196 hab. Bas-Rhin Haguenau
55%
22 928 hab. Haute-Marne Saint-Dizier
49%
21 597 hab. Moselle Forbach
41%
20 635 hab. Moselle Sarreguemines
39%
33 780 hab. Bas-Rhin Schiltigheim
39%
22 413 hab. Haut-Rhin Saint-Louis
32%
29 942 hab. Meurthe-et-Moselle Vandoeuvre-lès-Nancy
32%
26 698 hab. Bas-Rhin Illkirch-Graffenstaden
30%
21 879 hab. Moselle Montigny-lès-Metz
30%
Aucun quiz correspondant
Distribution des résultats
% des personnes avec chaque résultat
Percentile par nombre de réponses
Votre historique - résultats
Vous n’avez pas pris ce quiz